Sabrina Carpenter - Short N' Sweet Album Songs - Statistics

General Stats
  • This quiz has been taken 171 times
  • The average score is 11 of 14
Answer Stats
Answer % Correct
Espresso
99%
Please Please Please
96%
Taste
96%
Bed Chem
95%
Juno
93%
Don't Smile
88%
Good Graces
87%
Lie To Girls
87%
Coincidence
85%
Sharpest Tool
82%
Slim Pickins
80%
Dumb & Poetic
76%
Busy Woman
44%
Needless To Say
19%
No matching quizzes found
Score Distribution
Percent of People with Each Score
Percentile by Number Answered
Your Score History
You have not taken this quiz